000 00515nam a22001817a 4500
005 20250704142146.0
010 _aENG-145699
020 _a9788197989704
_c150.00
035 _aEN-129231
037 _bDBAD
082 _aN
_21
100 _aCarroll, Lewis
_982594
245 _aAlices Adventures in Wonderland/
_cLewis Carroll
260 _aChandigarh
_bThe Browser
_c2025
270 _bChandigarh
_aSCO 14-15, Sector 8-C
_e160009
_mservice@thebrowser.org
300 _a99p.
_c20cm(pb)
942 _2ddc
_cEN
_hN
_mCAR
999 _c212092
_d212092